Central Library OPAC University of Rajshahi
Normal view MARC view

Entry Topical Term

Number of records used in: 3

001 - CONTROL NUMBER

  • control field: 1954

003 - CONTROL NUMBER IDENTIFIER

  • control field: BD-RjUL

005 - DATE AND TIME OF LATEST TRANSACTION

  • control field: 20220322104524.0

008 - FIXED-LENGTH DATA ELEMENTS

  • fixed length control field: 220322|| aca||aabn | a|a d

040 ## - CATALOGING SOURCE

  • Original cataloging agency: BD-RjUL
  • Transcribing agency: BD-RjUL

150 ## - HEADING--TOPICAL TERM

  • Topical term or geographic name entry element: বইয়ের প্রচ্ছদ
  • Geographic subdivision: বাংলাদেশ
  • General subdivision: ইতিহাস
  • Chronological subdivision: ১৯৯৭১ -২০০৬

670 ## - SOURCE DATA FOUND

  • Source citation: Work cat.: (BD-RjUL)79286: সুতার, সুভাষ চন্দ্র 1004, বাংলাদেশের পাঠ্যপুুস্তকের অলঙ্করণ ও অঙ্গসজ্জা (১৯৯৭১ -২০০৬) = Textbook Illustration and Design of Bangladesh (1971-2006) /, ২০১১